000 00882nam a2200277 a 4500
001 47266
003 BD-RjUL
005 20211209054303.0
008 160807s1979 ilua b 001 0 eng
020 _a0673150569
035 _a(BD-RjUL)47385
040 _aDLC
_cDLC
_dDLC
_dBD-RjUL
_beng
041 _aeng
082 0 0 _a371.102
_bFAT 1979
100 1 _aFain, Stephen M.,
_d1940-
_9143879
245 1 0 _aTeaching in America /
_cStephen M. Fain, Robert Shostak, with John F. Dean.
260 _aGlenview, Ill. :
_bScott, Foresman and Co.,
_cc1979.
300 _a364 p. :
_bill. ;
_c24 cm.
504 _aIncludes bibliographical references and index.
650 0 _aTeaching.
_9143880
650 0 _aTeacher-student relationships.
_9143881
700 1 _aShostak, Robert,
_d1931-
_9143882
700 1 _aDean, John F.,
_d1926-
_9143883
942 _2ddc
_cBK
999 _c47266
_d47266